000 00946cab a2200289 4500
001 ABS48831
008 090401t1993 xxu||||| |||| 00| 0 eng d
035 _a(Sirsi) u68709
041 _aeng
100 _aCrabb, L.
245 2 _aA fine point: premiums as covenanted rights
260 _c1993
350 _a0
490 _aConveyancer & Property Lawyer
_v(87) 1993, 215-223(9)
520 _aDiscusses statutory provisions for the issuing of licences to assign or alter the change of use of premises. Considers when a landlord may charge a premium or fine. Highlights protective measures available to tenants.
650 _aDISPOSITION
650 _aFINES
650 _aLEASES
650 _aLICENCES FOR CHANGE OF USE
650 _aLICENCES TO ALTER
650 _aLICENCES TO ASSIGN
650 _aPREMIUMS
650 _aRESTRICTIVE COVENANTS
690 _aPROPERTY-LANDLORD AND TENANT
942 _n0
948 _c04/03/1997
999 _c43115
_d43115